Mathematics Decoder #2 - Statistics

General Stats
  • This quiz has been taken 97 times
  • The average score is 18 of 31
Answer Stats
Hint Answer % Correct
E Nine plus two Eleven
96%
L 3 is _____ than 5 Less
96%
T 7 _____ 7 is 49 Times
91%
P Number that is only divisible by 1 and itself {Prime} number
88%
H 50 percent; ½ Half
80%
O Greater than 90 degrees but less than 180 degrees Obtuse
80%
E Triangle in which all three sides are of equal length {Equilateral} triangle
77%
F Meaning of this symbol: ! Factorial
74%
I Triangle in which two of three sides are of equal length {Isosceles} triangle
69%
O 1/16 of a pound Ounce
69%
O First: parentheses and exponents; second: multiplication and division; third: addition and subtraction {Order} of operations
67%
T Unit of weight equivalent to 2000 pounds Ton
67%
W An integer, such as 1, 2, 3, etc {Whole} number
64%
M Clock hand that completes one revolution per hour {Minute} hand
60%
Y Unit of length equivalent to 3 feet Yard
59%
S SI unit of time; previously defined as 1/86400 of a day Second
58%
I Fraction whose numerator is greater than or equal to its denominator {Improper} fraction
56%
G A line or curve drawn in a coordinate plane as a visual representation of a function Graph
51%
I Parallel lines never _____ Intersect
51%
I A mathematical expression involving any of these signs: > < ≥ ≤ Inequality
47%
N Continuous probability distribution with a bell-shaped curve {Normal} distribution
47%
S Ratio of opposite over hypotenuse Sine
47%
U Vector with a magnitude of one {Unit} vector
42%
S Number notation in the form a × 10n where n is an integer and 1≤a<10 {Scientific} notation
41%
L Function with general equation y=mx+b or ax + by + c = 0 {Linear} function
40%
T Translation, rotation and reflection are types of this Transformation
38%
E Process of rewriting a power of a binomial as a polynomial, e.g. (x+1)3 = x3 + 3x2 + 3x + 1 Binomial {expansion}
32%
T x2, x and 1 in the expression x2 + x + 1 Term
30%
R A modulus operation gives the _____ of a division Remainder
28%
E Work out the value of something Evaluate
23%
"Life without geometry is pointless."
22%
No matching quizzes found
Score Distribution
Percent of People with Each Score
Percentile by Number Answered
Your Score History
You have not taken this quiz